000 01006nam a2200265Ia 4500
003 OSt
005 20221005104818.0
006 a|||||r|||| 00| 0
007 ta
008 221004b |||||||| |||| 00| 0 hin d
020 _a9788188808202 (hbk)
_c2100
024 _a9765
037 _b694/1, 28/02/2014, Vidyanidhi Prakashan
_cTextual
040 _aCRL
_cCRL
_bhin
041 _2hin
_ahin
082 _aO15,1A1:g(V2), 152Q4
100 _aजितेन्द्र प्रताप सिंह
245 0 _aरामायण कालीन भारत
246 _aRāmāyaṇ kālīn bhārata
260 _aदिल्ली
_bशिवालिक प्रकाशन भारत
_c2014
300 _a369पृ0
_ccm.
650 _aसंस्कृत साहित्य
942 _hO15,1A1:g(V2), 152Q4
_cTEXL
_2cc
999 _c1013873
_d1013873